BIBLIOTECA PODER JUDICIAL
Portal Judicial TDF

Cuestiones patrimoniales derivadas de la unión convivencial : (Registro nro. 5872)

000 -LEADER
fixed length control field 01239nab a22002657a 4500
003 - CONTROL NUMBER IDENTIFIER
control field OSt
005 - DATE AND TIME OF LATEST TRANSACTION
control field 20260127193632.0
008 - FIXED-LENGTH DATA ELEMENTS--GENERAL INFORMATION
fixed length control field 190514b xxu||||| |||| 00| 0 spa d
040 ## - CATALOGING SOURCE
Transcribing agency PJ
100 ## - MAIN ENTRY--PERSONAL NAME
9 (RLIN) 5888
Personal name Delgado Solis, Elba Érika
245 10 - TITLE STATEMENT
Title Cuestiones patrimoniales derivadas de la unión convivencial :
Remainder of title un fallo de avances y vacíos /
Statement of responsibility, etc Erika Delgado Solis.
300 ## - PHYSICAL DESCRIPTION
Extent p. 166-175
505 ## - FORMATTED CONTENTS NOTE
Formatted contents note Sumario: I. Una breve introducción.— II. Análisis del caso.— III. Reflexiones finales.
505 ## - FORMATTED CONTENTS NOTE
Title Fallo comentado: JFamilia Nro. 7, Mendoza, 18/03/2025. - D. B., C. E. c. G., J. A. s/ acciones patrimoniales de la unión convivencial.<br/>
505 ## - FORMATTED CONTENTS NOTE
Title Si te interesa el texto, comunicate a koha@justierradelfuego.gov.ar
650 #0 - SUBJECT ADDED ENTRY--TOPICAL TERM
9 (RLIN) 1497
Topical term or geographic name as entry element CODIGO CIVIL Y COMERCIAL
650 #0 - SUBJECT ADDED ENTRY--TOPICAL TERM
9 (RLIN) 967
Topical term or geographic name as entry element DERECHO DE FAMILIA
650 #0 - SUBJECT ADDED ENTRY--TOPICAL TERM
9 (RLIN) 1053
Topical term or geographic name as entry element UNIONES CONVIVENCIALES
650 #0 - SUBJECT ADDED ENTRY--TOPICAL TERM
9 (RLIN) 1134
Topical term or geographic name as entry element VIOLENCIA FAMILIAR
650 #0 - SUBJECT ADDED ENTRY--TOPICAL TERM
9 (RLIN) 5328
Topical term or geographic name as entry element RÉGIMEN DE COMUNIDAD DE BIENES
650 #0 - SUBJECT ADDED ENTRY--TOPICAL TERM
9 (RLIN) 4044
Topical term or geographic name as entry element PERSPECTIVA DE GÉNERO
650 #0 - SUBJECT ADDED ENTRY--TOPICAL TERM
9 (RLIN) 1057
Topical term or geographic name as entry element JURISPRUDENCIA APLICABLE
773 0# - HOST ITEM ENTRY
Host Biblionumber 2844
Host Itemnumber 3222
Place, publisher, and date of publication Buenos Aires : AbeledoPerrot, 1989-
Title Derecho de familia. Revista Interdisciplinaria de doctrina y jurisprudencia. Agosto 2025-IV
International Standard Book Number 18511201
942 ## - ADDED ENTRY ELEMENTS (KOHA)
Source of classification or shelving scheme
Koha item type Analítica Artículo de Revista

No hay ítems disponibles.

12 de Octubre 789 Ushuaia - Tel:  54(02901)441571
Horario de Atención: 8.00 a 17.00 hs. 
bibliotecaush@justierradelfuego.gov.ar
koha@justierradelfuego.gov.ar
Seguinos en nuestras redes @bibliojustdf 

Con tecnología Koha